| 000 | 00611nam a2200217Ia 4500 | ||
|---|---|---|---|
| 001 | 8881 | ||
| 003 | GE_BSU | ||
| 008 | 181216s||||||||xx |||||||||||||| ||und|| | ||
| 040 | _cGE_BSU | ||
| 080 | _a821.353.1–2 | ||
| 100 | _aკალაძე,კარლო | ||
| 245 | _aხატიჯე | ||
| 245 | _bდრამა ოთხ მოქმედებათ | ||
| 260 | _aტფილისი | ||
| 260 | _bპ/სკ.სტ | ||
| 260 | _c1933 | ||
| 300 | _a80გვ.14სმ. | ||
| 653 | _aდრამა ოთხ მოქმედებათ | ||
| 653 | _aხატიჯე | ||
| 942 | _cBK | ||
| 999 |
_c42188 _d42188 |
||